Answers related to Afghanistan - Statistics

General Stats
  • This quiz has been taken 9 times
  • The average score is 3 of 7
Answer Stats
Question Answer % Correct
One of the nicknames for afghanistan? {The Graveyard of empires}
86%
Mountain range of the above? {Hindu Kush} mountain range
71%
What is the Afghanistan national sport? Buzkashi
43%
Cliffs home to 2 buddha statues? Cliffs of {Bamiyan}
43%
What is the tallest mountain in Afghanistan? Noshaq
29%
Afghanistan national dish? Kabuli Pulao
14%
First nation to conquered Afghanistan Persian Empire
14%
No matching quizzes found
Score Distribution
Percent of People with Each Score
Percentile by Number Answered
Your Score History
You have not taken this quiz